000 00696nam a22002537a 4500
003 UA-OsUOA
001 27163
007 ta
008 20040617b un ||||| |||| 00| 0 ukr d
090 _a659.128(477)
_bТ60
942 _cBK
040 _aUA-OsUOA
_bukr
_cUA-OsUOA
_dUA-OsUOA
245 _aТоргові марки та фірмові найменування від "А" до "Я"
_cРед. В.В.Болгов
300 _a184 с.
955 _a0
041 _aukr
080 _a659.128(477)
020 _a966-7953-07-6
260 _aКиїв
_bУкраїнська Академія
_c2001
044 _aUA
250 _nКнига перша
650 7 _2UDC
999 _c313505
_d313505